Library Logo

Pioneer International University Library Catalogue

PRICNIPLES AND STRATEGIES OF EFFECTIVE LEARNING ECP 100 (Record no. 3267)

MARC details
000 -LEADER
fixed length control field 00287nam a22000977a 4500
005 - DATE AND TIME OF LATEST TRANSACTION
control field 20250901165408.0
008 - FIXED-LENGTH DATA ELEMENTS--GENERAL INFORMATION
fixed length control field 210322b ||||| |||| 00| 0 eng d
050 ## - LIBRARY OF CONGRESS CALL NUMBER
Classification number LB2343.32 .S8 2006
245 ## - TITLE STATEMENT
Title PRICNIPLES AND STRATEGIES OF EFFECTIVE LEARNING ECP 100
Statement of responsibility, etc. STELTENPOHL, ELIZABETH
942 ## - ADDED ENTRY ELEMENTS (KOHA)
Source of classification or shelving scheme Library of Congress Classification
Holdings
Withdrawn status Lost status Source of classification or shelving scheme Damaged status Not for loan Home library Current library Shelving location Date acquired Total checkouts Full call number Barcode Date last seen Price effective from Koha item type
    Library of Congress Classification     Main Library Main Library   03/22/2021   LB2343.32 .S8 2006 PIU0004560 03/22/2021 03/22/2021 Books